| 000 | 00989nam0a22002531 4500 | ||
|---|---|---|---|
| 001 | v19\rc\1967379 | ||
| 005 | 20260405155245.0 | ||
| 035 | _a(NLR Aleph) 005269302 | ||
| 090 |
_a5982286 _c5982286 |
||
| 100 | _a20080428d1914 |||y0rusy50 ca | ||
| 101 | 0 | _arus | |
| 102 | _aRU | ||
| 105 | _ay z |||a| | ||
| 200 | 1 |
_aМужчина _eРоман _aРассказы _eОни жили втроем. Колясочка. Отец. Из записок скверного человека _fВ.В. Брусянин |
|
| 210 |
_aМосква _cМоск. кн-во _d[1914] |
||
| 215 |
_a247 с. _d21 |
||
| 464 | 0 |
_12001#$aОни жили втроем$aКолясочка _tКолясочка |
|
| 700 | 1 |
_8rus _7ca _aБрусянин _bВ. В. _f1867-1919 _gВасилий Васильевич _3RU\NLR\AUTH\7766087 _949016 |
|
| 801 | 2 |
_aRU _bNLR _c20090402 _2rusmarc |
|
| 801 | 0 |
_aRU _bNLR _c20080428 _gpsbo |
|
| 801 | 1 |
_aRU _bProSoft-M _c20080428 _2rusmarc |
|
| 852 |
_aNLR _j69-3/1647 |
||
| 942 | _cBOOK | ||
| 980 | _aNB | ||